[Event "69. BEM 2015"]
[Site "Dortmund"]
[Date "2015.03.09"]
[Round "4.7"]
[White "Cogan, Leonid"]
[Black "Zachos, Ingo"]
[Result "0-1"]
[WhiteElo "1710"]
[BlackElo "1894"]
[PlyCount "46"]
[EventDate "2015.??.??"]
[WhiteTeam "SU Huck.-Westerfilde"]
[BlackTeam "SV Eichlinghofen"]

1. e4 d6 2. Nf3 Nf6 3. e5 Nfd7 4. d4 Nb6 5. Bd3 Nc6 6. Be3 Bg4 7. exd6 cxd6 8.
h3 Bh5 9. g4 Bg6 10. Bxg6 hxg6 11. d5 Nb4 12. Nc3 Nc4 13. Bd4 Qa5 14. Qe2 Rc8
15. Qe4 Nb6 16. Bxb6 Qxb6 17. a3 Na6 18. Qa4+ Kd8 19. Rb1 Rxc3 20. Ng5 Kc7 21.
O-O Rcxh3 22. Nxh3 Rxh3 23. Qe8 Qd4 0-1

[Event "69. BEM 2015"]
[Site "Dortmund"]
[Date "2015.03.09"]
[Round "4.8"]
[White "Rahner, Norbert"]
[Black "Büchle, Manfred"]
[Result "1/2-1/2"]
[WhiteElo "1681"]
[BlackElo "1828"]
[PlyCount "55"]
[EventDate "2015.??.??"]
[WhiteTeam "SG Mengede"]
[BlackTeam "SV Eichlinghofen"]

1. d4 d5 2. Nf3 e6 3. a3 Nf6 4. Bg5 Be7 5. e3 O-O 6. Bd3 c5 7. dxc5 Bxc5 8. O-O
Nc6 9. Nbd2 Re8 10. b4 Be7 11. Nb3 a6 12. c4 h6 13. Bh4 e5 14. Be2 Be6 15. cxd5
Nxd5 16. Bxe7 Qxe7 17. Rc1 Red8 18. Qc2 Rac8 19. Qb2 f6 20. h3 Bf7 21. Nh4 Qc7
22. Bg4 Ra8 23. Na5 Qb6 24. Nxc6 bxc6 25. Qc2 Ne7 26. Nf5 Nxf5 27. Bxf5 Rd6 28.
Qc5 1/2-1/2

[Event "69. BEM 2015"]
[Site "Dortmund"]
[Date "2015.03.09"]
[Round "4.9"]
[White "Potyrala, Lukasz-R"]
[Black "Horenburg, Oliver"]
[Result "1/2-1/2"]
[WhiteElo "1625"]
[BlackElo "1760"]
[Annotator "Schulenburg,Pit"]
[PlyCount "55"]
[EventDate "2015.??.??"]
[WhiteTeam "61603/FS 1898 Dortmund"]
[BlackTeam "SV Eichlinghofen"]

1. d4 Nf6 2. Bf4 e6 3. Nf3 b6 4. e3 Bb7 5. c3 Be7 6. Bd3 Ne4 7. Nbd2 f5 8. Bxe4
fxe4 9. Ne5 O-O 10. Qg4 Bf6 11. h4 Nc6 12. Nxe4 Nxe5 13. Nxf6+ Qxf6 14. dxe5
Qf5 15. Qxf5 Rxf5 16. f3 c5 17. O-O-O Bc6 18. Bh2 Rh5 19. Bg3 Rb8 20. Rd2 Kf7
21. Rf1 Rf8 22. b3 g5 23. hxg5 Rxg5 24. Bf4 Rh5 25. e4 Ke7 26. g3 a5 27. a3 a4
28. b4 {(=)} 1/2-1/2

[Event "69. BEM 2015"]
[Site "Dortmund"]
[Date "2015.03.09"]
[Round "4.10"]
[White "Kartsev, Nikolaj"]
[Black "Schütz, Ralf"]
[Result "0-1"]
[WhiteElo "1616"]
[BlackElo "1739"]
[PlyCount "42"]
[EventDate "2015.??.??"]
[WhiteTeam "SF Brackel"]
[BlackTeam "61515/FS 1898 Dortmund"]

1. c4 c5 2. Nc3 e6 3. g3 Nf6 4. Bg2 d5 5. Qb3 dxc4 6. Qxc4 Nc6 7. Nf3 Be7 8. d3
e5 9. Be3 Be6 10. Qb5 a6 11. Qa4 O-O 12. O-O b5 13. Qc2 Rc8 14. Ng5 Bg4 15. f3
Bh5 16. Nge4 Nxe4 17. Nxe4 f5 18. Nxc5 Nd4 19. Bxd4 Qxd4+ 20. Kh1 Rxc5 21. Qb3+
Bf7 0-1

[Event "69. BEM 2015"]
[Site "Dortmund"]
[Date "2015.03.09"]
[Round "4.11"]
[White "Zabel, Reinhard"]
[Black "Brockmann, Michael"]
[Result "0-1"]
[WhiteElo "1461"]
[BlackElo "2026"]
[PlyCount "100"]
[EventDate "2015.??.??"]
[WhiteTeam "Doppelbauer Brambauer"]
[BlackTeam "SV Eichlinghofen"]

1. e4 d6 2. d4 Nf6 3. Nc3 g6 4. Nf3 Bg7 5. Be2 c5 6. dxc5 Qa5 7. Qd3 Qxc5 8.
Qb5+ Nbd7 9. Qxc5 Nxc5 10. Nd5 Nxd5 11. exd5 Bf5 12. c3 Be4 13. Bb5+ Kf8 14.
Bc4 a6 15. Be3 b5 16. Bxc5 bxc4 17. Bd4 Rb8 18. Bxg7+ Kxg7 19. O-O-O Kf6 20.
Rd4 Bxf3 21. Rf4+ Ke5 22. Rxf3 Kxd5 23. Rxf7 Rhf8 24. Rd1+ Kc5 25. Rxf8 Rxf8
26. Rd2 e5 27. b4+ Kc6 28. a4 d5 29. f3 h5 30. Kd1 Rd8 31. Re2 Kd6 32. Kd2 d4
33. Re4 Kd5 34. Re1 Rb8 35. Re4 g5 36. h3 Rf8 37. cxd4 exd4 38. Re7 g4 39. hxg4
hxg4 40. Rd7+ Ke5 41. Re7+ Kd6 42. Re4 gxf3 43. gxf3 Kd5 44. Rh4 c3+ 45. Ke2
Kc4 46. b5 axb5 47. axb5 Rb8 48. Rh7 Rxb5 49. Rc7+ Rc5 50. Rd7 Re5+ 0-1

[Event "69. BEM 2015"]
[Site "Dortmund"]
[Date "2015.03.09"]
[Round "4.12"]
[White "Simon, Thomas"]
[Black "Vogt, Christian"]
[Result "1-0"]
[WhiteElo "1757"]
[BlackElo "1524"]
[Annotator "Schulenburg,Pit"]
[PlyCount "67"]
[EventDate "2015.??.??"]
[WhiteTeam "SF Brackel"]
[BlackTeam "SC Hansa Dortmund"]

1. Nf3 d5 2. c4 c6 3. g3 g6 4. Bg2 Bg7 5. O-O dxc4 6. a4 Nf6 7. Na3 Be6 8. Qc2
O-O 9. Nxc4 Bxc4 10. Qxc4 Qd5 11. Qc2 Na6 12. d3 Nb4 13. Qd1 a5 14. Bd2 Qd6 15.
Bc3 Nd7 16. Nd2 e5 17. Nc4 Qc7 18. Qd2 c5 19. Na3 Nb6 20. b3 Rab8 21. Nb5 Qe7
22. Bxb4 axb4 23. Rac1 Rfc8 24. Qe3 Bf8 25. Rc2 Na8 26. Rfc1 b6 27. Qe4 Rd8 28.
Qc6 Kg7 29. g4 Qd7 30. Qe4 f6 31. g5 Qf5 32. gxf6+ Qxf6 33. Qc6 Qxc6 34. Bxc6 {
und mutmaßlich überschritt Schwarz hier die Zeit. Notiert wurde} 1-0

[Event "69. BEM 2015"]
[Site "Dortmund"]
[Date "2015.03.09"]
[Round "4.13"]
[White "Benke, Werner"]
[Black "Ewers, Christian"]
[Result "0-1"]
[WhiteElo "1427"]
[BlackElo "1702"]
[PlyCount "54"]
[EventDate "2015.??.??"]
[WhiteTeam "SC Hansa Dortmund"]
[BlackTeam "SG Mengede"]

1. d4 Nf6 2. Nf3 c5 3. c3 cxd4 4. cxd4 e6 5. Nc3 d5 6. Bg5 Be7 7. Rc1 a6 8. e3
O-O 9. Bd3 Nbd7 10. O-O b5 11. a3 Bb7 12. h3 Ne4 13. Bxe7 Qxe7 14. Bb1 Rac8 15.
Qd3 b4 16. Na2 bxa3 17. bxa3 Nb6 18. Nd2 f5 19. Nxe4 fxe4 20. Qb3 Nc4 21. Qb4
Qd7 22. Rfd1 a5 23. Qb3 Ba6 24. Nc3 Rb8 25. Qa4 Qf7 26. Rc2 Nb2 27. Rxb2 Rxb2
0-1

[Event "69. BEM 2015"]
[Site "Dortmund"]
[Date "2015.03.09"]
[Round "4.14"]
[White "Kawka, Bogdan"]
[Black "Ziemek, Gerhard"]
[Result "1/2-1/2"]
[WhiteElo "1272"]
[BlackElo "1627"]
[PlyCount "100"]
[EventDate "2015.??.??"]
[WhiteTeam "FS 1898 Dortmund"]
[BlackTeam "SVg Marten-Bövinghsn."]

1. e4 c5 2. Nf3 Nc6 3. d4 cxd4 4. Nxd4 g6 5. c3 Bg7 6. Be3 Nf6 7. Bd3 O-O 8.
O-O d6 9. Re1 Bd7 10. Nd2 Ne5 11. Bc2 h6 12. N2f3 Neg4 13. h3 Nxe3 14. Rxe3 Rc8
15. Nb3 Kh7 16. Qe1 e5 17. Rd1 Bc6 18. Nxe5 Qe7 19. Nxc6 bxc6 20. e5 dxe5 21.
Rxe5 Qc7 22. Re7 Qb6 23. Qe3 Nd5 24. Qxb6 axb6 25. Ree1 Rfe8 26. Kf1 Nf4 27.
Nd4 Rxe1+ 28. Rxe1 c5 29. Nb5 Bf6 30. a4 Rd8 31. Rd1 Rxd1+ 32. Bxd1 Nd3 33. b3
Be5 34. c4 f5 35. Na7 Bd4 36. f3 Be5 37. Nc6 Bd6 38. a5 bxa5 39. Nxa5 Kg7 40.
Nb7 Be7 41. g3 Kf6 42. Bc2 Nb4 43. Bb1 Nc6 44. g4 fxg4 45. hxg4 g5 46. Be4 Nd4
47. Na5 Ke5 48. Kf2 Kf4 49. Bd5 Bf6 50. Be4 Bd8 1/2-1/2

[Event "69. BEM 2015"]
[Site "Dortmund"]
[Date "2015.03.09"]
[Round "4.15"]
[White "Völler, Lothar"]
[Black "Simon, Stefan"]
[Result "0-1"]
[WhiteElo "1597"]
[BlackElo "1484"]
[PlyCount "120"]
[EventDate "2015.??.??"]
[WhiteTeam "FS 1898 Dortmund"]
[BlackTeam "SVg Marten-Bövinghsn."]

1. b3 e5 2. Bb2 Nc6 3. e3 Bc5 4. Bb5 d6 5. Ne2 a6 6. Bxc6+ bxc6 7. O-O Nf6 8.
d4 exd4 9. Nxd4 Bb7 10. c4 O-O 11. Nd2 Bb6 12. h3 c5 13. N4f3 Qd7 14. Bxf6 gxf6
15. Nh2 Kh8 16. Qg4 Qxg4 17. Nxg4 Rg8 18. f3 Ba5 19. Rad1 Rg6 20. e4 Rag8 21.
Rf2 Bc3 22. Re2 Bd4+ 23. Kh1 Bc8 24. Nf1 h5 25. Nge3 Bxh3 26. g4 Be5 27. Nh2
hxg4 28. Nhxg4 Bf4 29. Rd5 Rg5 30. Rf5 Rxf5 31. exf5 Re8 32. Nxf6 Rxe3 33. Rxe3
Bxe3 34. Nd5 Bd4 35. Nxc7 a5 36. Nb5 Be5 37. f6 Kh7 38. Kg1 Bg3 39. Nc3 Kg6 40.
a3 Kxf6 41. Ne4+ Ke5 42. Nxg3 Bf5 43. Kf2 Bc2 44. Ke3 Bxb3 45. f4+ Ke6 46. Kd3
d5 47. cxd5+ Kxd5 48. Kc3 a4 49. Kd3 Ba2 50. Kc3 Bb1 51. Kb2 Bd3 52. Kc3 c4 53.
Nh1 Ke4 54. Nf2+ Kxf4 55. Nxd3+ cxd3 56. Kxd3 Kf3 57. Kc4 f5 58. Kb4 f4 59.
Kxa4 Ke3 60. Kb5 f3 0-1

[Event "69. BEM 2015"]
[Site "Dortmund"]
[Date "2015.03.09"]
[Round "4.16"]
[White "Wangrin, Stefan A"]
[Black "Gegner, Michael"]
[Result "0-1"]
[WhiteElo "1169"]
[BlackElo "1478"]
[PlyCount "90"]
[EventDate "2015.??.??"]
[WhiteTeam "FS 1898 Dortmund"]
[BlackTeam "Dortmunder SV"]

1. e4 g5 2. d4 h6 3. Nc3 e6 4. Be3 Bg7 5. d5 e5 6. Nf3 d6 7. h3 f5 8. exf5 Bxf5
9. Bd3 Ne7 10. g4 Bg6 11. h4 gxh4 12. Nxh4 Bf7 13. Nf5 Nxf5 14. Bxf5 Nd7 15.
Qd3 a6 16. Bg6 Qe7 17. O-O-O O-O-O 18. Bxf7 Qxf7 19. Ne4 Nf8 20. Qc3 Ng6 21.
Rd2 Qf3 22. Qc4 Qxh1+ 23. Rd1 Qf3 24. Bb6 Qf7 25. b4 Kb8 26. Be3 Qd7 27. g5
Rdf8 28. f4 exf4 29. Bf2 Qb5 30. Qxb5 axb5 31. gxh6 Rxh6 32. Bd4 Bxd4 33. Rxd4
f3 34. Nf2 Rh2 35. Ng4 Rh1+ 36. Kb2 f2 37. Nxf2 Rxf2 38. Rg4 Ne5 39. Rg8+ Ka7
40. Kb3 Rf3+ 41. c3 Rhh3 42. a4 Rxc3+ 43. Kb2 Nc4+ 44. Kb1 Rh1+ 45. Ka2 Ra3#
0-1

[Event "69. BEM 2015"]
[Site "Dortmund"]
[Date "2015.03.09"]
[Round "4.17"]
[White "Schlettig, Achim"]
[Black "Howorka, Roland"]
[Result "0-1"]
[WhiteElo "1206"]
[BlackElo "1443"]
[Annotator "Schulenburg,Pit"]
[PlyCount "129"]
[EventDate "2015.??.??"]
[WhiteTeam "FS 1898 Dortmund"]
[BlackTeam "FS 1898 Dortmund"]

1. e4 c5 2. Nf3 e6 3. d4 cxd4 4. Nxd4 Bc5 5. c3 Qb6 6. b4 Bxd4 7. Qxd4 Qxd4 8.
cxd4 Nc6 9. Be3 Nxb4 10. Na3 Nf6 11. f3 a6 12. Be2 O-O 13. O-O b5 14. Rfc1 Nc6
15. Nc2 Bb7 16. a3 Rfc8 17. Nb4 Na5 18. Bd1 d5 19. e5 Nd7 20. Ra2 Rxc1 21. Bxc1
Rc8 22. Rc2 Rxc2 23. Nxc2 Nb6 24. Ne3 Nac4 25. Nc2 h6 26. Kf2 Na4 27. Be2 Kf8
28. Ne3 Ke7 29. Bd1 Nab6 30. Ke2 Nxe3 31. Kxe3 Bc6 32. Kd3 Kd7 33. Kc3 a5 34.
h4 Kc7 35. f4 Nd7 36. g3 Kb6 37. g4 Nb8 38. Bd2 Bb7 39. Kb3 Nc6 40. Bc3 Ba6 41.
f5 exf5 42. gxf5 b4 43. axb4 axb4 44. Bxb4 Nxd4+ 45. Kc3 Nxf5 46. Bf3 Bc4 47.
Bg4 g6 48. h5 Kc6 49. hxg6 fxg6 50. e6 Bb5 51. e7 Kd7 52. Bxf5+ gxf5 53. Kd4
Ke6 54. Ke3 Be8 55. Bc5 h5 56. Kf2 Ke5 57. Kf3 f4 58. Bf2 d4 59. Bh4 Bc6+ 60.
Ke2 Ke4 61. Kd2 f3 62. Bg3 Kf5 63. Kd3 Kg4 64. Bf2 h4 65. Kxd4 {und Weiß gab
auf, ohne das offensichtliche 65...h4-h3 abzuwarten.} 0-1

[Event "69. BEM 2015"]
[Site "Dortmund"]
[Date "2015.03.09"]
[Round "4.18"]
[White "Pachura, Karl-Heinz"]
[Black "Haufe, Ulrich"]
[Result "1-0"]
[WhiteElo "1353"]
[BlackElo "1292"]
[Annotator "Schulenburg,Pit"]
[PlyCount "79"]
[EventDate "2015.??.??"]
[WhiteTeam "SF Brackel"]
[BlackTeam "SU Huck.-Westerfilde"]

1. e4 Nc6 2. Nf3 e5 3. Bb5 Nge7 4. O-O f6 5. c3 a6 6. Ba4 b5 7. Bc2 d5 8. d4
Be6 9. dxe5 Nxe5 10. Nd4 Bf7 11. b3 c5 12. Nf3 N7c6 13. Bf4 Be7 14. Nxe5 Nxe5
15. Bxe5 fxe5 16. Qg4 Bf6 17. Nd2 O-O 18. Rad1 d4 19. c4 Qe8 20. Bd3 Bh5 21.
Qg3 Bxd1 22. Rxd1 b4 23. Nf3 Ra7 24. Ra1 a5 25. a4 Ra6 26. h3 Re6 27. Nh2 Bd8
28. Qg4 Rg6 29. Qe2 Rg5 30. Rf1 Rf4 31. g3 Qe6 32. Ng4 Rf7 33. Kg2 h5 34. Nh2
Qf6 35. Nf3 Rg6 36. h4 Qe6 37. Rh1 Rg4 38. Ng1 Qg6 39. Nf3 Rf8 40. Nxe5 {Rest
der Partie nicht rekonstruierbar.} 1-0

[Event "69. BEM 2015"]
[Site "Dortmund"]
[Date "2015.03.09"]
[Round "4.19"]
[White "Wilkins, Petra"]
[Black "Grawe, Herbert"]
[Result "0-1"]
[WhiteElo "1041"]
[BlackElo "1339"]
[PlyCount "58"]
[EventDate "2015.??.??"]
[WhiteTeam "SC Hansa Dortmund"]
[BlackTeam "Dortmunder SV"]

1. d4 g6 2. Nf3 Bg7 3. g3 Nf6 4. Bg2 d6 5. O-O O-O 6. c4 c6 7. Nc3 Be6 8. b3
Qd7 9. Re1 Bh3 10. Bg5 Bxg2 11. Kxg2 Nh5 12. Qc2 Na6 13. a3 f5 14. Rad1 f4 15.
Qe4 Nf6 16. Qxf4 h6 17. Bxh6 Ng4 18. Qg5 Nxh6 19. Qxg6 Rf6 20. Qd3 d5 21. Ng5
Rf5 22. Nf3 Raf8 23. Rf1 Rh5 24. h4 Qg4 25. Rh1 Nc7 26. Rde1 Ne6 27. Nh2 Nf4+
28. Kg1 Nh3+ 29. Kg2 Rxf2# 0-1

[Event "69. BEM 2015"]
[Site "Dortmund"]
[Date "2015.03.09"]
[Round "4.20"]
[White "Jentzsch, Wern. Wilfr"]
[Black "Schleuß, Jürgen"]
[Result "1/2-1/2"]
[WhiteElo "1318"]
[BlackElo "1253"]
[Annotator "Schulenburg,Pit"]
[PlyCount "49"]
[EventDate "2015.??.??"]
[WhiteTeam "SF Brackel"]
[BlackTeam "Dortmunder SV"]

1. d4 d5 2. Nc3 e6 3. e4 c6 4. e5 Bb4 5. a3 Ba5 6. b4 Bb6 7. Nf3 h6 8. Bd3 Nd7
9. O-O f5 10. Be3 Nf8 11. Nd2 Ng6 12. Qh5 N8e7 13. Nf3 O-O 14. Bxh6 Kf7 15.
Ng5+ Ke8 16. Bxg7 Rg8 17. Bf6 Bxd4 18. Ne2 Bxa1 19. Rxa1 Kd7 20. Nd4 Nf4 21.
Qf7 Rf8 22. Qxe7+ Qxe7 23. Bxe7 Kxe7 24. g3 Ng6 25. h4 {(=)} 1/2-1/2

[Event "69. BEM 2015"]
[Site "Dortmund"]
[Date "2015.03.09"]
[Round "4.21"]
[White "Böckmann, Lieselotte"]
[Black "Pennekamp, Christ"]
[Result "0-1"]
[WhiteElo "1083"]
[BlackElo "1194"]
[PlyCount "96"]
[EventDate "2015.??.??"]
[WhiteTeam "FS 1898 Dortmund"]
[BlackTeam "SC Hansa Dortmund"]

1. c4 b6 2. e3 Bb7 3. d4 e6 4. Bd2 g6 5. Nf3 Bg7 6. Be2 Ne7 7. O-O O-O 8. Nc3
Na6 9. a3 c5 10. Rc1 Rc8 11. Nb5 d5 12. b3 Nf5 13. Bd3 cxd4 14. exd4 Nh4 15.
Nxh4 Qxh4 16. Be3 Rfd8 17. f3 Nc7 18. Bf2 Qe7 19. c5 Nxb5 20. Bxb5 bxc5 21.
dxc5 Bb2 22. Rc2 Bxa3 23. c6 Ba8 24. Bxa7 Qxa7+ 25. Kh1 Qb6 26. Qd3 Bxc6 27.
Bxc6 Rxc6 28. Ra2 Bf8 29. Ra6 Qxa6 30. Qxa6 Rxa6 31. Rb1 Rc8 32. h3 Rac6 33.
Rg1 Rc1 34. g4 Rxg1+ 35. Kxg1 Rc1+ 36. Kf2 Rb1 37. Ke3 Rxb3+ 38. Kf4 Bd6+ 39.
Kg5 Kg7 40. Kh4 Rxf3 41. g5 e5 42. Kg4 e4 43. Kh4 Rf5 44. Kg4 d4 45. h4 f6 46.
h5 Rxg5+ 47. Kh4 Rxh5+ 48. Kg4 f5# 0-1

[Event "69. BEM 2015"]
[Site "Dortmund"]
[Date "2015.03.09"]
[Round "4.22"]
[White "Bensch, Christian"]
[Black "Kesselmeier, Klaus"]
[Result "1/2-1/2"]
[WhiteElo "1160"]
[BlackElo "1404"]
[PlyCount "52"]
[EventDate "2015.??.??"]
[WhiteTeam "SC Wambel"]
[BlackTeam "SF Brackel"]

1. e4 e5 2. Nf3 Nc6 3. Bc4 d5 4. exd5 Na5 5. Bb5+ c6 6. dxc6 bxc6 7. Ba4 Bd6 8.
c3 Bg4 9. h3 Be6 10. b4 e4 11. bxa5 exf3 12. Bxc6+ Bd7 13. Bxf3 Rb8 14. Qe2+
Ne7 15. O-O O-O 16. d4 Ng6 17. Ba3 Qc7 18. Bxd6 Qxd6 19. Nd2 Nf4 20. Qe5 Qh6
21. Ne4 f6 22. Qd6 Rbd8 23. Qc7 Bxh3 24. gxh3 Nxh3+ 25. Kg2 Nf4+ 26. Kg1 Nh3+
1/2-1/2

[Event "69. BEM 2015"]
[Site "Dortmund"]
[Date "2015.03.09"]
[Round "4.23"]
[White "Dirks, Rainer"]
[Black "Reker, Gerhard"]
[Result "1-0"]
[WhiteElo "1150"]
[BlackElo "874"]
[PlyCount "51"]
[EventDate "2015.??.??"]
[WhiteTeam "FS 1898 Dortmund"]
[BlackTeam "FS 1898 Dortmund"]

1. e4 e5 2. d4 Nc6 3. Nf3 d6 4. dxe5 Nxe5 5. Nxe5 dxe5 6. Qxd8+ Kxd8 7. Bc4 Ke7
8. O-O Be6 9. Bxe6 Rd8 10. Nc3 Kxe6 11. Be3 b6 12. Rad1 Rxd1 13. Rxd1 Bd6 14.
g3 Kd7 15. f4 Kc8 16. f5 f6 17. Nb5 Kb8 18. Nxd6 cxd6 19. Rxd6 Nh6 20. Bxh6
gxh6 21. Rxf6 Rc8 22. c3 Rc4 23. Rxh6 Rxe4 24. f6 Re2 25. f7 Rxb2 26. f8=Q+ 1-0

[Event "69. BEM 2015"]
[Site "Dortmund"]
[Date "2015.03.09"]
[Round "4.24"]
[White "Sobottka, H.-Gerald"]
[Black "Schmidt, Andreas"]
[Result "1/2-1/2"]
[WhiteElo "989"]
[BlackElo "1026"]
[PlyCount "115"]
[EventDate "2015.??.??"]
[WhiteTeam "Dortmunder SV"]
[BlackTeam "FS 1898 Dortmund"]

1. c4 e5 2. g3 d5 3. d4 dxc4 4. e3 exd4 5. exd4 Be6 6. Bg2 c6 7. Nc3 Bb4 8.
Nge2 Ne7 9. O-O O-O 10. a3 Ba5 11. Nf4 Bd7 12. Nh5 b5 13. Ne4 Nd5 14. Bh6 gxh6
15. Nc5 Nf6 16. Nb7 Bg4 17. Nxd8 Bxd1 18. Nxf6+ Kg7 19. Rfxd1 Rxd8 20. Nh5+ Kh8
21. d5 Rc8 22. d6 b4 23. d7 Rd8 24. Nf6 bxa3 25. Rxa3 Bb4 26. Re3 Kg7 27. Ne8+
Kf8 28. Nf6 Be7 29. Nxh7+ Kg7 30. Rxe7 Kxh7 31. Rxf7+ Kg8 32. Re7 Kf8 33. Re4
Rxd7 34. Rf4+ Rf7 35. Rh4 Rf6 36. Rh5 Na6 37. Rc1 Nb4 38. Rxc4 Nd3 39. b3 Nxf2
40. h4 Nd3 41. Rd4 Ne1 42. Rd1 Nf3+ 43. Bxf3 Rxf3 44. Rf1 Rxf1+ 45. Kxf1 Kg7
46. Rf5 Rb8 47. Ra5 Rb7 48. Kf2 Kg6 49. g4 Rxb3 50. h5+ Kf6 51. Rf5+ Ke6 52.
Ra5 Rb2+ 53. Kf3 Rb3+ 54. Kf2 Kf6 55. Rf5+ Ke6 56. Ra5 Kf6 57. Rf5+ Ke6 58. Ra5
1/2-1/2

[Event "69. BEM 2015"]
[Site "Dortmund"]
[Date "2015.03.10"]
[Round "5.1"]
[White "Ries, Benjamin"]
[Black "Henrichs, Thomas"]
[Result "1-0"]
[WhiteElo "2005"]
[BlackElo "2448"]
[PlyCount "73"]
[EventDate "2015.??.??"]
[WhiteTeam "SF Brackel"]
[BlackTeam "SC Hansa Dortmund"]

1. d4 d6 2. c4 e5 3. d5 a5 4. e4 Be7 5. Nf3 Bg4 6. Nbd2 Nd7 7. Bd3 Bg5 8. h3
Bxf3 9. Qxf3 h5 10. Bc2 Kf8 11. b3 h4 12. Bb2 Ne7 13. a4 Ng6 14. g3 Nf6 15.
O-O-O Qd7 16. Qg2 Rh6 17. Kb1 Bxd2 18. Rxd2 Ke7 19. f4 hxg3 20. fxe5 Nh5 21.
exd6+ cxd6 22. c5 Nh4 23. cxd6+ Kf8 24. Qf1 Rxd6 25. Ba3 Kg8 26. Qd1 Rh6 27. e5
Re8 28. Re1 Qxh3 29. Rh1 Qxh1 30. Qxh1 Nf4 31. d6 g2 32. Qd1 Rhe6 33. d7 Rd8
34. Bc5 Rxe5 35. Bb6 Rg5 36. Bxd8 g1=Q 37. Bxg5 1-0

[Event "69. BEM 2015"]
[Site "Dortmund"]
[Date "2015.03.10"]
[Round "5.2"]
[White "Zelt, Jens"]
[Black "Fork, Raphael"]
[Result "1/2-1/2"]
[WhiteElo "2004"]
[BlackElo "1844"]
[PlyCount "38"]
[EventDate "2015.??.??"]
[WhiteTeam "SC Hansa Dortmund"]
[BlackTeam "Matt Inn"]

1. d4 c5 2. Nf3 Nf6 3. c3 b6 4. Bf4 Bb7 5. e3 e6 6. Nbd2 Be7 7. h3 d6 8. Be2
Nbd7 9. O-O O-O 10. a4 a6 11. Re1 Re8 12. Qc2 Rc8 13. Red1 d5 14. Ne5 Nf8 15.
Bf3 Bd6 16. Bg5 Be7 17. Bf4 Bd6 18. Bg5 Be7 19. Bg4 Bd6 1/2-1/2

[Event "69. BEM 2015"]
[Site "Dortmund"]
[Date "2015.03.10"]
[Round "5.3"]
[White "Begna, Bozidar"]
[Black "Blokisch, Till"]
[Result "0-1"]
[WhiteElo "1898"]
[BlackElo "1806"]
[PlyCount "126"]
[EventDate "2015.??.??"]
[WhiteTeam "SC Hansa Dortmund"]
[BlackTeam "SF Brackel"]

1. e4 e5 2. Nf3 Nf6 3. Nxe5 d6 4. Nf3 Nxe4 5. Qe2 Qe7 6. d3 Nf6 7. Bg5 Qxe2+ 8.
Bxe2 Be7 9. Nc3 Be6 10. O-O-O Nc6 11. d4 d5 12. Nb5 O-O-O 13. Ne5 Ne4 14. Bxe7
Nxe7 15. Rhf1 a6 16. f3 Nd6 17. Nxd6+ Rxd6 18. f4 f6 19. Nf3 Nf5 20. Kd2 h5 21.
Bd3 Rc6 22. Rde1 Bd7 23. Re2 Re6 24. Rfe1 Rxe2+ 25. Rxe2 Kd8 26. c3 Nd6 27. Nh4
Bb5 28. Nf3 Ne4+ 29. Kc2 Bxd3+ 30. Kxd3 h4 31. c4 c6 32. cxd5 cxd5 33. Nd2 Nd6
34. b4 Kd7 35. Nb3 b6 36. a4 h3 37. g3 Ne4 38. a5 Rc8 39. Rc2 Rxc2 40. Kxc2
bxa5 41. bxa5 Kc6 42. Nc1 Nxg3 43. Nd3 Nf1 44. Nf2 Nxh2 45. Nxh3 Ng4 46. Kc3
Kb5 47. f5 Ne3 48. Nf4 Nxf5 49. Nxd5 Nd6 50. Ne7 Kxa5 51. d5 Kb5 52. Kd4 a5 53.
Nc6 a4 54. Na7+ Kb6 55. Nc6 g5 56. Ne7 a3 57. Kc3 g4 58. Ng6 Kc5 59. Nf4 Nb5+
60. Kb3 Kd6 61. Nh5 Ke5 62. d6 Nxd6 63. Kxa3 Ne4 0-1

[Event "69. BEM 2015"]
[Site "Dortmund"]
[Date "2015.03.10"]
[Round "5.4"]
[White "Zachos, Ingo"]
[Black "Hillebrand, Carsten"]
[Result "1-0"]
[WhiteElo "1894"]
[BlackElo "1853"]
[PlyCount "125"]
[EventDate "2015.??.??"]
[WhiteTeam "SV Eichlinghofen"]
[BlackTeam "FS 1898 Dortmund"]

1. e4 c5 2. Nc3 Nc6 3. g3 g6 4. Bg2 Bg7 5. d3 d6 6. Be3 e6 7. Qd2 Rb8 8. Nh3 b5
9. a3 a5 10. O-O Nd4 11. Rae1 b4 12. axb4 axb4 13. Nd1 Ne7 14. Kh1 O-O 15. Bh6
e5 16. Bxg7 Kxg7 17. f4 f6 18. Ne3 Be6 19. g4 b3 20. f5 Bd7 21. c3 Nc2 22. Nxc2
bxc2 23. Qxc2 Qb6 24. Rb1 g5 25. b4 Qc7 26. Qd2 h6 27. Ng1 Rh8 28. Bf3 Be8 29.
bxc5 dxc5 30. Rxb8 Qxb8 31. Ne2 h5 32. gxh5 Bxh5 33. Bxh5 Rxh5 34. Ng3 Rh4 35.
Rc1 Ng8 36. Qa2 Kh8 37. Rb1 Qd8 38. Qc4 Rh7 39. Rb5 Qa8 40. Rb1 Qf8 41. Rb2 Qa8
42. Qa2 Qxa2 43. Rxa2 Rd7 44. Ra5 Rxd3 45. Rxc5 Rd1+ 46. Kg2 g4 47. Rc7 Rd2+
48. Kg1 Rd3 49. c4 Rc3 50. Kf2 Rc2+ 51. Ne2 Nh6 52. Ke3 Kg8 53. Kd3 Ra2 54. c5
Nf7 55. c6 Nd6 56. Rd7 Ra3+ 57. Kc2 Nb5 58. c7 Nxc7 59. Rxc7 Rh3 60. Kd2 Rxh2
61. Ke3 Rh3+ 62. Kf2 Rf3+ 63. Kg2 1-0

[Event "69. BEM 2015"]
[Site "Dortmund"]
[Date "2015.03.10"]
[Round "5.5"]
[White "Raskin, Vitali"]
[Black "Kropp, Andreas"]
[Result "0-1"]
[WhiteElo "1610"]
[BlackElo "1989"]
[PlyCount "74"]
[EventDate "2015.??.??"]
[WhiteTeam "FS 1898 Dortmund"]
[BlackTeam "SV Eichlinghofen"]

1. e4 c5 2. Nf3 e6 3. c3 Nf6 4. e5 Nd5 5. c4 Nb4 6. Nc3 d6 7. a3 N4c6 8. exd6
Qxd6 9. g3 Be7 10. Nb5 Qd7 11. d4 a6 12. Qa4 O-O 13. Bf4 Nxd4 14. O-O-O Qc6 15.
Nfxd4 Qxh1 16. Nc7 cxd4 17. Nxa8 b5 18. cxb5 Qxa8 19. Rxd4 Nd7 20. bxa6 Nc5 21.
Qc2 Bxa6 22. Bxa6 Qxa6 23. Kb1 Qb5 24. Be3 Bf6 25. Rb4 Qf1+ 26. Ka2 Nd3 27. Rb3
Ne5 28. Bd4 Qg2 29. h4 Qd5 30. Qc5 Qxc5 31. Bxc5 Rd8 32. f4 Nc4 33. Rb4 Na5 34.
Bb6 Nc6 35. Rc4 Rc8 36. Re4 Rb8 37. b4 Rxb6 0-1

[Event "69. BEM 2015"]
[Site "Dortmund"]
[Date "2015.03.10"]
[Round "5.6"]
[White "Brockmann, Michael"]
[Black "Ewers, Christian"]
[Result "1-0"]
[WhiteElo "2026"]
[BlackElo "1702"]
[PlyCount "33"]
[EventDate "2015.??.??"]
[WhiteTeam "SV Eichlinghofen"]
[BlackTeam "SG Mengede"]

1. d4 f5 2. g3 e6 3. Bg2 Nf6 4. c4 Bb4+ 5. Nd2 Nc6 6. Ngf3 b6 7. O-O Bb7 8. Ne5
Na5 9. Ndf3 O-O 10. c5 Bd5 11. Nd3 bxc5 12. dxc5 Rb8 13. Qa4 Bc6 14. Qc2 Bd5
15. Nd4 d6 16. Bxd5 exd5 17. Ne6 1-0

[Event "69. BEM 2015"]
[Site "Dortmund"]
[Date "2015.03.10"]
[Round "5.7"]
[White "Büchle, Manfred"]
[Black "Potyrala, Lukasz-R"]
[Result "1/2-1/2"]
[WhiteElo "1828"]
[BlackElo "1625"]
[PlyCount "69"]
[EventDate "2015.??.??"]
[WhiteTeam "SV Eichlinghofen"]
[BlackTeam "61603/FS 1898 Dortmund"]

1. e4 e6 2. d4 d5 3. exd5 Qxd5 4. Nf3 Nf6 5. c4 Qd8 6. Nc3 b6 7. Be2 Bb7 8. O-O
c5 9. Bf4 Bd6 10. Bg5 h6 11. Bh4 O-O 12. dxc5 Bxc5 13. Qxd8 Rxd8 14. Bxf6 gxf6
15. a3 Nc6 16. Rad1 Kg7 17. b4 Be7 18. Bd3 f5 19. Nb1 Bf6 20. Rfe1 Ne7 21. Ne5
Bxe5 22. Rxe5 Kf6 23. Ree1 Rg8 24. Bf1 Rad8 25. Nd2 Ng6 26. Nb3 Nh4 27. Rxd8
Rxd8 28. Rc1 Rg8 29. c5 bxc5 30. bxc5 Bd5 31. c6 Nxg2 32. Bxg2 Bxg2 33. c7 Bh3+
34. Kh1 Bg2+ 35. Kg1 1/2-1/2

[Event "69. BEM 2015"]
[Site "Dortmund"]
[Date "2015.03.10"]
[Round "5.8"]
[White "Horenburg, Oliver"]
[Black "Rahner, Norbert"]
[Result "1/2-1/2"]
[WhiteElo "1760"]
[BlackElo "1681"]
[PlyCount "40"]
[EventDate "2015.??.??"]
[WhiteTeam "SV Eichlinghofen"]
[BlackTeam "SG Mengede"]

1. d4 d5 2. Nf3 Nf6 3. e3 Bg4 4. c4 e6 5. Qb3 Qc8 6. Ne5 Bf5 7. cxd5 exd5 8.
Nc3 c6 9. Bd3 Bxd3 10. Nxd3 Bd6 11. Bd2 O-O 12. Ne2 a5 13. a4 Ne4 14. Rc1 Qc7
15. Nef4 Qe7 16. Bc3 Ra7 17. O-O Nd7 18. Qc2 Ndf6 19. Qe2 Re8 20. Rfe1 Qd7
1/2-1/2

[Event "69. BEM 2015"]
[Site "Dortmund"]
[Date "2015.03.10"]
[Round "5.9"]
[White "Rauschenbusch, U."]
[Black "Simon, Thomas"]
[Result "1/2-1/2"]
[WhiteElo "1618"]
[BlackElo "1757"]
[PlyCount "35"]
[EventDate "2015.??.??"]
[WhiteTeam "FS 1898 Dortmund"]
[BlackTeam "SF Brackel"]

1. d4 Nf6 2. Nf3 e6 3. Bf4 d5 4. c3 Be7 5. h3 O-O 6. e3 Nbd7 7. Bd3 c5 8. Nbd2
b6 9. O-O Bb7 10. Re1 Ne4 11. Rc1 Ndf6 12. Ne5 Nxd2 13. Qxd2 Nd7 14. Qc2 f5 15.
c4 Nxe5 16. Bxe5 g6 17. b3 Rc8 18. Qe2 1/2-1/2